书目信息 |
| 题名: |
土木工程专业英语
|
|
| 作者: | 苏小卒 主编 | |
| 分册: | 上册 | |
| 出版信息: | 上海 同济大学出版社 2011.06 |
|
| 页数: | 316页 | |
| 开本: | 26cm | |
| 丛书名: | ||
| 单 册: | ||
| 中图分类: | H31 | |
| 科图分类: | ||
| 主题词: | 土木工程--英语 | |
| 电子资源: | ||
| ISBN: | 978-7-5608-4520-3 | |
| 000 | 00727nam0 2200229 450 | |
| 001 | 2537793404 | |
| 005 | 20250304103057.48 | |
| 010 | @a978-7-5608-4520-3@dCNY38.00 | |
| 100 | @a20110901d2011 km y0chiy0120 ea | |
| 101 | 0 | @achi |
| 102 | @aCN@b310000 | |
| 105 | @ay z 000yy | |
| 200 | 1 | @a土木工程专业英语@Atu mu gong cheng zhuan ye ying yu@h上册@f苏小卒主编@Fsu xiao zu zhu bian |
| 205 | @a2版 | |
| 210 | @a上海@c同济大学出版社@d2011.06 | |
| 215 | @a316页@d26cm | |
| 330 | @a本书第2版修改的内容主要包括:改正了第一版中的一些错误,在词汇表中增加了一些词汇。 | |
| 606 | 0 | @a土木工程@x英语 |
| 690 | @aH31@v5 | |
| 701 | 0 | @a苏小卒@Asu xiao zu@4主编 |
| 801 | 0 | @aCN@b河南城建学院图书馆@c20110901 |
| 905 | @dH31@eS856:1=2@f5 | |
| 土木工程专业英语.上册/苏小卒主编.-2版.-上海:同济大学出版社,2011.06 |
| 316页;26cm |
| ISBN 978-7-5608-4520-3:CNY38.00 |
| 本书第2版修改的内容主要包括:改正了第一版中的一些错误,在词汇表中增加了一些词汇。 |
| ● |
| 相关链接 |
|
|
|
正题名:土木工程专业英语
索取号:H31/S856:1=2
 
预约/预借
| 序号 | 登录号 | 条形码 | 馆藏地/架位号 | 状态 | 备注 |
| 1 | 1554456 | 215544560 | 语言库209/209语言库 86排2列3层/ [索取号:H31/S856:1=2] | 在馆 | |
| 2 | 1554462 | 215544622 | 语言库209/209语言库 86排2列1层/ [索取号:H31/S856:1=2] | 在馆 |